| 000 | 00704nam a2200205 a 4500 | ||
|---|---|---|---|
| 001 | 000040843 | ||
| 005 | 20201002034424.0 | ||
| 008 | 130909s1987 sp 000 0 spa d | ||
| 020 | _a8424912497 | ||
| 040 |
_aDO-SdBNP _bspa _cBNPHU |
||
| 100 | 1 |
_aRaven, J. E. _967265 |
|
| 240 | 1 | 4 | _aThe presocratic philosophers. A critical history with a selection of texts |
| 245 | 1 | 4 |
_aLos filósofos presocráticos : _bHistoria crítica con selección de textos / _cJ. E. Raven, M. Schofield. |
| 250 | _a2a ed. | ||
| 260 |
_aMadrid : _bGredos, _c1987. |
||
| 300 |
_a702 p. ; _c20 cm. |
||
| 500 | _aIncluye notas al pie de las páginas | ||
| 500 | _aTraducido del idioma inglés | ||
| 700 | 1 |
_aSchofield, M. _967266 |
|
| 999 |
_c40333 _d40333 |
||